Compêndio de Zoologia: 2º ciclo liceal

Saved in:
Bibliographic Details
Main Author: Soeiro, Augusto C. G.
Format: Unknown
Language:Portuguese
Published: Porto Porto Editora 1960
Textbook Catalogue:MANES:  Library Catalog Search Result
Textbook Classification:
Tags: Add Tag
No Tags, Be the first to tag this record!
Added to:2016-04-26
Changed in:2025-04-25

MARC

LEADER 000000000a22000000004500
001 30638
003 OSt
005 20250425111545.0
008 160427s pt ||||| |||| 00| 0 por d
040 |c centro_manes 
041 1 |a por 
100 1 |a Soeiro, Augusto C. G.  |9 15992 
245 0 0 |a Compêndio de Zoologia: 2º ciclo liceal 
260 3 |a Porto  |b Porto Editora  |c 1960 
300 |a 284 p.;  |c 21 cm 
561 |5 pt-BNP  |a Portugal. Biblioteca Nacional de Portugal  |k MANES 
690 |a CN 
691 |a SE 
942 |2 ddc  |c BK 
546 |a Portugal 
999 |c 32100  |d 32100 
999 |c manes:32100  |d 32100